| 000 | 00800nam a22002177a 4500 | ||
|---|---|---|---|
| 999 |
_c159069 _d159069 |
||
| 010 | _aB-120455 | ||
| 020 |
_a8181500121 _c300.00 |
||
| 035 | _aB-120455 | ||
| 035 | _aB-120455 | ||
| 037 |
_aDBAD/ PUB _baravali Books International Pvt.Ltd |
||
| 082 |
_22004 _a940 _b1 |
||
| 100 | _aSouthgate,George W. | ||
| 245 |
_aA Book of Modern European Hostory/ _cSouthgate,George W./ _hEnglish |
||
| 246 | _aए बुक ऑफ़ मॉडर्न यूरोपियन हिस्ट्री | ||
| 250 | _a2004 | ||
| 260 |
_aNew Delhi _bAravali Books International Pvt Ltd _c2004 |
||
| 270 | _aW-30 Okhla Ind. Eria Phase-2 New Delhi-110020 | ||
| 300 |
_a390 P _bWith Immage _c21 Cm |
||
| 700 | _aSouthgate,George W. | ||
| 942 |
_2ddc _cEN _e2004 _h940 _kSOU _mSouthgate,George W. |
||